000 00569cam a2200193 4500
001 2058
005 20181127164500.0
008 071101s2009 mauad b 001 0 eng
010 _a 2007044799
020 _a020554892X
020 _a9780205548927
100 1 _aPinel, John P. J.
245 1 0 _aBiopsychology /
_cJohn P. J. Pinel.
250 _a3th ed.
260 _aBoston :
_bAllyn and Bacon,
_c1997.
300 _a298 p. :
_bcol. ill., charts ;
_c29 cm.
504 _aIncludes bibliographical references (p. 506-558) and indexes.
650 0 _aPsychobiology
_vTextbooks.
999 _c1607
_d1607